000
00272nam a22001217a 4500
008
170207b xxu||||| |||| 00| 0 eng d
041
_a
eng
080
_a
61
100
_a
4
101
_a
SHM
245
_a
HIGJIENA PER SHKOLLEN E MEDICINES
_c
RADOJE TADIQ
942
_2
udc
_c
BK
999
_c
4818
_d
4818